| 000 | 00467nam a22001577a 4500 | ||
|---|---|---|---|
| 003 | OSt | ||
| 008 | 260423b |||||||| |||| 00| 0 eng d | ||
| 082 |
_a635.646 _bC32G |
||
| 100 | _aChaurasia, Hemant Kumar | ||
| 245 | _aGenotype X Environment Interaction Studies in Brinjal (Solanum Melongena L.) | ||
| 260 |
_aBAU, Sabour, Bhagalpur _bRAU, Pusa, Samastipur _c2007 |
||
| 300 | _a70P. | ||
| 502 |
_bMsc. _d2007 |
||
| 650 | _aVegetable & Floriculture | ||
| 942 |
_2ddc _cT |
||
| 999 |
_c50110 _d50110 |
||